000 00456nam a22001817a 4500
003 MPLRDC
005 20220104142342.0
008 210129b ||||| |||| 00| 0 eng d
020 _a978-7-80220-774-5
082 _a857.75 DXWQ
100 _a冬雪晚晴
245 _a殷家鬼咒
_c
250 _a一版一刷
260 _a中国
_b中国画报出版社
_c2010
300 _b278
650 _a中国文学--长篇小说
942 _cBK
_o857.75 DXWQ
999 _c30126
_d30116